| 000 | 01321nab a2200277 4500 | ||
|---|---|---|---|
| 003 | AR-RoBPED | ||
| 005 | 20260401120914.0 | ||
| 008 | 260401b |||||||| |||| 00| 0 spa d | ||
| 040 | _aAR-RoBPED | ||
| 041 | _aspa | ||
| 100 | 1 |
_aAlonso, Constanza _930683 _eLicenciada en Ciencia Política |
|
| 245 | 1 |
_aApostar no es juego : _bconsumo problemático de apuestas en línea de adolescentes y jóvenes / |
|
| 260 |
_aBuenos Aires : _bNoveduc, _c2025 |
||
| 300 | _a16-20 p. | ||
| 500 | _aLos autores dan cuenta de una investigación federal sobre apuestas online en el universo de adolescentes y jóvenes de 15 a 29 años cuyo propósito es visibilizar el problema, construir una evidencia empírica mediante un método científico y contribuir al diseño de políticas públicas. | ||
| 650 | 7 |
_aLUDOPATÍA _930037 |
|
| 650 | 7 |
_aPROBLEMAS SOCIALES _9922 |
|
| 650 | 7 |
_aINVESTIGACION SOCIAL _95776 |
|
| 650 | 7 |
_aJUEGO _9374 |
|
| 650 | 7 |
_aADOLESCENTES _92906 |
|
| 700 | 1 |
_aCabani, Fernando _930684 _eLicenciado en Servicio Social |
|
| 700 | 1 |
_aRomeo, Martín _930685 _eLicenciado en Ciencias de la Comunicación |
|
| 773 | 0 |
_020414 _941867 _dBuenos Aires : Noveduc, 1993- _tNovedades Educativas _w(AR-RoBPED)20414 _x03283534 |
|
| 942 |
_2udc _cREV _h37(05) _mNov 86 N° 400 (Feb.2025) _ak.32495 |
||
| 945 | _amar 03/2026 | ||
| 999 |
_c32495 _d32495 |
||